|
|
|
|
| LEADER |
00930nam a2200265 i 4500 |
| 001 |
228 |
| 003 |
BD-DhAAL |
| 005 |
20130903115101.0 |
| 008 |
130903s1975 ilu b 001 0 eng d |
| 010 |
|
|
|a 74012928
|
| 020 |
|
|
|a 025601681X
|
| 040 |
|
|
|a DLC
|c DLC
|d DLC
|d BD-DhAAL
|
| 050 |
0 |
0 |
|a BF637.B4
|b K4
|
| 082 |
0 |
0 |
|a 153.8/5
|
| 100 |
1 |
|
|a Kazdin, Alan E.
|9 2916
|
| 245 |
1 |
0 |
|a Behavior modification in applied settings /
|c Alan E. Kazdin.
|
| 260 |
|
|
|a Homewood, Ill. :
|b Dorsey Press,
|c c1975.
|
| 300 |
|
|
|a xii, 292 p. :
|b graphs ;
|c 23 cm.
|
| 490 |
0 |
|
|a The Dorsey series in psychology
|
| 504 |
|
|
|a Includes indexes and bibliography (p. 261-279).
|
| 650 |
|
0 |
|a Behavior modification.
|9 2917
|
| 650 |
|
0 |
|a Psychology, Applied.
|9 2918
|
| 942 |
|
|
|2 ddc
|c BK
|
| 999 |
|
|
|c 13927
|d 13927
|
| 952 |
|
|
|0 0
|1 0
|2 ddc
|4 0
|6 153_850000000000000_KAZ
|7 0
|9 23317
|a BRACUL
|b BRACUL
|c GEN
|d 2013-09-03
|g 1094.00
|l 0
|o 153.85 KAZ
|p 3010000228
|r 2013-09-03
|t 1
|w 2013-09-03
|y BK
|